Largest Cities on Each Continent Beginning With 'B' - Statistics

General Stats
  • This quiz has been taken 958 times
    302 since last reset
  • The average score is 21 of 36
Answer Stats
Continent Population Answer % Correct
South America 16,700,000 Buenos Aires
95%
South America 10,400,000 Bogotá
94%
Europe 4,850,000 Berlin
92%
Oceania 3,350,000 Brisbane
92%
Asia 21,200,000 Beijing
91%
North America 7,700,000 Boston
90%
Europe 4,875,000 Barcelona
89%
Europe 3,250,000 Birmingham
89%
North America 774,956 Birmingham
89%
South America 3,975,000 Brasília
87%
Asia 21,200,000 Bangkok
85%
Europe 2,200,000 Bucharest
81%
Europe 2,500,000 Budapest
80%
Africa 5,450,000 Bamako
76%
South America 4,925,000 Belo Horizonte
74%
Europe 2,750,000 Brussels
73%
Asia 14,200,000 Bangalore
71%
Asia 7,650,000 Baghdad
63%
North America 2,212,038 Baltimore
61%
South America 2,025,000 Belém
54%
Africa 2,400,000 Brazzaville
54%
Africa 1,620,000 Bangui
53%
Asia 4,000,000 Busan
53%
South America 2,325,000 Barranquilla
52%
Africa 1,120,000 Banjul
51%
Asia 6,950,000 Bandung
49%
Africa 1,750,000 Benin City
39%
North America 1,410,000 Buffalo
35%
Oceania 116,390 Ballarat
16%
Oceania 104,883 Bendigo
16%
Africa 1,390,000 Benguela
15%
North America 916,408 Bridgeport - Stamford
14%
Oceania 81,367 Bunbury
9%
Oceania 52,370 Bundaberg
6%
North America 779,075 Bradenton - Sarasota
1%
Oceania 38,339 Bathurst
0%
No matching quizzes found
Score Distribution
Percent of People with Each Score
Percentile by Number Answered
Your Score History
You have not taken this quiz since the last reset